| 000 | 01313 a2200253 4500 | ||
|---|---|---|---|
| 001 | 41218 | ||
| 005 | 20260407155706.0 | ||
| 008 | 260407a1998 arg spa d | ||
| 003 | AR-UNSa-BCEJYS | ||
| 040 |
_aAR-UNSa-BCEJYS _bspa _cAR-UNSa-BCEJYS |
||
| 080 |
_a347.451.6 _xSubasta...Martillero Público |
||
| 245 | 1 | 0 |
_aLa subasta judicial _psegún la jurisprudencia |
| 020 | _a950-894-116-2 | ||
| 250 | _a2a. ed. | ||
| 264 | 1 |
_aBuenos Aires : _bAD-HOC _c1998 |
|
| 300 |
_a176 p. _c23 cm. |
||
| 505 | _a1. Generalidades - 2. Concepto - 3. Ley aplicable - 4. El martillero - 5. Objeto del remate - 6. Publicidad del remate - 7. Compra por comisión - 8. Regularidad del acto - 9. Comunicación a los jueces embargantes e inhibientes - 10. Citación de los acreedores - 11. Tasación - 12. Nulidad de la subasta - 13. Suspensión de la subasta - 14. Nueva subasta - 15. Medidas cautelares - 16. Pago de precio - 17. Perfeccionamiento de la venta - 18. Desocupación del bien subastado - 19. Aprobación de la subasta - 20. Sobreseimiento del juicio | ||
| 041 | _aspa | ||
| 942 | _cBK | ||
| 590 | _aniveau_biblio:m niveau_hierar:0 | ||
| 100 | 1 | _aBarbado, Analía R. | |
| 700 | 1 | _aBarbado, Patricia Bibiana | |
| 856 | 4 | 1 |
_uhttps://biblioeco.unsa.edu.ar/pmb/images/libros/L126452.jpg _yImagen de portada _qimage/jpeg |
| 999 |
_c3431 _d3431 |
||